000 00659cam a2200229 a 4500
001 000007867
005 20200929154328.0
008 940815s1993 sp 000 f spa
020 _a8479790628
040 _aDO-SdBNP
_cDLC
082 _a863.64
_bM971h
100 1 _aMuñoz Puelles, Vicente.
_d1948-
_921642
245 1 0 _aHuellas en la nieve /
_cVicente Muñoz Puelles.
260 _aMadrid :
_bAnaya,
_bMario Muchnik,
_c1993.
300 _a281 p. ;
_c22 cm.
490 1 _aAnalectas
650 4 _aNovela española
_91123
650 4 _aLiteratura española
_9632
830 0 _aAnalectas ;
_921390
910 _aCatalogación por copia / LC
049 _aBNGR
999 _c7645
_d7645